[Event "Holguin Regional-ch sf"]
[Site "Holguin"]
[Date "2023.10.13"]
[Round "4"]
[White "Rodriguez Laguna, Alexis"]
[Black "Gonzalez Pupo, Daniel"]
[Result "1/2-1/2"]
[WhiteElo "2019"]
[BlackElo "2067"]
[PlyCount "106"]
[EventDate "2023.10.11"]
[EventType "swiss"]
[EventRounds "7"]
[EventCountry "CUB"]
[SourceTitle "Mega2024 Update 01"]
[Source "Chessbase"]
[SourceDate "2023.11.12"]
[SourceVersion "1"]
[SourceVersionDate "2023.11.12"]
[SourceQuality "1"]

1. d4 Nf6 2. c4 c5 3. Nf3 cxd4 4. Nxd4 e5 5. Nb5 d5 6. cxd5 Bc5 7. e3 0-0 8. N5c3 e4 9. Bc4 Nbd7 10. a3 a6 11. b4 Bd6 12. Bb2 Ne5 13. Be2 Bg4 14. Nxe4 Nxe4 15. Bxg4 Qh4 16. g3 Qxg4 17. Qxg4 Nxg4 18. f3 Nxe3 19. fxe4 Nc2+ 20. Kd2 Nxa1 21. Bxa1 f6 22. Kd3 b5 23. Nc3 Be5 24. Ne2 Rac8 25. Nf4 Rfe8 26. Ne6 Bd6 27. Bd4 Rc4 28. Nc5 Kf7 29. Rb1 h5 30. Rb3 Rc1 31. Ne6 Rxe6 32. dxe6+ Kxe6 33. Ke3 h4 34. Kf3 hxg3 35. hxg3 Be5 36. Bxe5 Kxe5 37. Rd3 Rf1+ 38. Kg2 Ra1 39. Kf3 g5 40. Rd5+ Ke6 41. Rd3 Ra2 42. Rc3 Ke5 43. Rd3 g4+ 44. Ke3 Ra1 45. Rd5+ Ke6 46. Rd3 Rf1 47. Ke2 Ra1 48. Ke3 f5 49. exf5+ Kxf5 50. Rd5+ Ke6 51. Rd3 Ke5 52. Rc3 Re1+ 53. Kf2 Ra1 1/2-1/2

[Event "Adelquis Remon Memorial-E"]
[Site "Holguin"]
[Date "2017.11.03"]
[Round "3.1"]
[White "Lavigne Lopez, Raul Leonardo"]
[Black "Rodriguez Laguna, Alexis"]
[Result "1-0"]
[WhiteElo "2159"]
[BlackElo "2102"]
[PlyCount "64"]
[EventDate "2017.11.02"]
[EventType "tourn"]
[EventRounds "10"]
[EventCountry "CUB"]
[SourceTitle "EXT 2023"]
[Source "ChessBase"]
[SourceDate "2022.10.05"]
[SourceVersion "1"]
[SourceVersionDate "2022.10.05"]
[SourceQuality "1"]

1. d4 Nf6 2. c4 e6 3. Nc3 Bb4 4. f3 d5 5. a3 Bxc3+ 6. bxc3 0-0 7. cxd5 exd5 8. e3 Bf5 9. Ne2 h5 10. Ng3 Bg6 11. Bd3 Bxd3 12. Qxd3 Nbd7 13. 0-0 Re8 14. Ra2 c6 15. Re2 g6 16. Rfe1 Nf8 17. e4 dxe4 18. fxe4 Ne6 19. Qf3 Nh7 20. Rf2 Qe7 21. e5 Rad8 22. Ne4 Rd7 23. Nd6 Rf8 24. Bh6 Ng7 25. Ref1 f6 26. Qg3 fxe5 27. dxe5 Rxf2 28. Rxf2 Qe6 29. c4 Nf5 30. Rxf5 Rxd6 31. Rf6 Rd1+ 32. Kf2 Qe7 1-0